<?xml version="1.0" encoding="UTF-8"?><?xml-stylesheet type="text/xsl" href="static/style.xsl"?><OAI-PMH xmlns="http://www.openarchives.org/OAI/2.0/" xmlns:xsi="http://www.w3.org/2001/XMLSchema-instance" xsi:schemaLocation="http://www.openarchives.org/OAI/2.0/ http://www.openarchives.org/OAI/2.0/OAI-PMH.xsd"><responseDate>2026-06-01T11:58:21Z</responseDate><request verb="GetRecord" identifier="oai:riuma.uma.es:10630/17892" metadataPrefix="marc">https://riuma.uma.es/rest/oai/request</request><GetRecord><record><header><identifier>oai:riuma.uma.es:10630/17892</identifier><datestamp>2026-02-03T11:50:29Z</datestamp><setSpec>com_10630_2254</setSpec><setSpec>col_10630_37959</setSpec></header><metadata><record xmlns="http://www.loc.gov/MARC21/slim" xmlns:dcterms="http://purl.org/dc/terms/" xmlns:doc="http://www.lyncode.com/xoai" xmlns:xsi="http://www.w3.org/2001/XMLSchema-instance" xsi:schemaLocation="http://www.loc.gov/MARC21/slim http://www.loc.gov/standards/marcxml/schema/MARC21slim.xsd">
   <leader>00925njm 22002777a 4500</leader>
   <datafield ind2=" " ind1=" " tag="042">
      <subfield code="a">dc</subfield>
   </datafield>
   <datafield ind2=" " ind1=" " tag="720">
      <subfield code="a">González-Gallardo, Sandra</subfield>
      <subfield code="e">author</subfield>
   </datafield>
   <datafield ind2=" " ind1=" " tag="720">
      <subfield code="a">Luque-Gallego, Mariano</subfield>
      <subfield code="e">author</subfield>
   </datafield>
   <datafield ind2=" " ind1=" " tag="720">
      <subfield code="a">Saborido Infantes, Rubén</subfield>
      <subfield code="e">author</subfield>
   </datafield>
   <datafield ind2=" " ind1=" " tag="720">
      <subfield code="a">Ruiz-Mora, Ana Belén</subfield>
      <subfield code="e">author</subfield>
   </datafield>
   <datafield ind2=" " ind1=" " tag="260">
      <subfield code="c">2019-06-26</subfield>
   </datafield>
   <datafield ind2=" " ind1=" " tag="520">
      <subfield code="a">A new version of the evolutionary algorithm based on GWASF-GA [1] is proposed in this work. GWASF-GA is an aggregation-based algorithm which uses the Tchebychev metric plus an augmentation term as fitness function and two reference points (the utopian and nadir points) to classify the individuals according to a set of widely-distributed weight vectors. Although this algorithm obtains a good approximation of the Pareto front (PF) for multi-objective optimization problems, this may be more difficult to obtain for many-objective optimization problems due to the fact that the weight vectors used are never updated along the search process. For this reason, we propose a new version of the algorithm, called A-GWASF-GA, in which a dynamic adjustment of the weight vectors is carried out. The main idea is to re-calculate some weight vectors in order to obtain solutions in parts of the PF with a lack of solutions. Firstly, a percentage (p) of the total number of evaluations is performed with the original GWASF-GA [1]. Secondly, during the rest of evaluations (1-p), we re-calculate na times the projection directions determined by a subset of Na weight vectors. The re-calculation process is based on a scattering level, a measure based on the distance of each solution and the solutions around it. According to the scattering level of the generated solutions, we detect the Na weight vectors projecting toward overcrowded areas of the PF and we re-calculate them so that their new projection directions point towards areas of the PF which are not so well approximated. In order to show the effectiveness of A-GWASF-GA, we compare it with NSGA-III [2, 3], MOEA/D [4], MOEA/D-AWA [5] and the original GWASF-GA.To evaluate their performance, we use the IGD metric [6]. The results of the computational experiment demonstrate the good performance of A-GWASF-GA in the novel many-objective optimization benchmark problems considered.</subfield>
   </datafield>
   <datafield ind1="8" ind2=" " tag="024">
      <subfield code="a">https://hdl.handle.net/10630/17892</subfield>
   </datafield>
   <datafield ind2="0" ind1="0" tag="245">
      <subfield code="a">A-GWASF-GA: The New Version of GWASF-GA to Solve Many Objective Problems</subfield>
   </datafield>
</record>
</metadata></record></GetRecord></OAI-PMH>